Manual of Universities law (Record no. 5077)

MARC details
000 -LEADER
fixed length control field 00365nam a22001577a 4500
005 - DATE AND TIME OF LATEST TRANSACTION
control field 20210831114324.0
008 - FIXED-LENGTH DATA ELEMENTS--GENERAL INFORMATION
fixed length control field 160701b xxu||||| |||| 00| 0 eng d
041 ## - LANGUAGE CODE
Language code of text/sound track or separate title eng
082 ## - DEWEY DECIMAL CLASSIFICATION NUMBER
Item number 20415
100 ## - MAIN ENTRY--AUTHOR NAME
Personal name Malhotra ,Y K
245 ## - TITLE STATEMENT
Title Manual of Universities law
260 ## - PUBLICATION, DISTRIBUTION, ETC. (IMPRINT)
Name of publisher malhotra bros
Year of publication 2015
300 ## - PHYSICAL DESCRIPTION
Number of Pages 225
650 ## - SUBJECT ADDED ENTRY--TOPICAL TERM
Topical Term Agriculture
942 ## - ADDED ENTRY ELEMENTS (KOHA)
Koha item type Books
Holdings
Lost status Damaged status Home library Date acquired Cost, normal purchase price Full call number Accession Number Koha item type
    JRU Library 01/07/2016 1800.00 20415 20415 Books